Storia antica del messico cavata da´ migliori storici spagnuolt da´ manoscritti e dalle pitture antiche degl indiant divisa in dieci libri e corredata di carte geografiche e di varie figure (Record no. 8289)
[ view plain ]
| 000 -CABECERA | |
|---|---|
| campo de control de longitud fija | 01495nam a2200337 a 4500 |
| 001 - NÚMERO DE CONTROL | |
| campo de control | BRCA_8629 |
| 005 - FECHA Y HORA DE LA ÚLTIMA TRANSACCIÓN | |
| campo de control | 20190320210342.0 |
| 008 - DATOS DE LONGITUD FIJA--INFORMACIÓN GENERAL | |
| campo de control de longitud fija | 220916s1780----it-a######---#000-0#ita-# |
| 041 ## - CÓDIGO DE LENGUA | |
| Código de lengua del texto/banda sonora o título independiente | ita |
| 044 ## - CÓDIGO DEL PAÍS DE LA ENTIDAD EDITORA/PRODUCTORA | |
| Código MARC del país | it |
| 050 #4 - SIGNATURA TOPOGRÁFICA DE LA BIBLIOTECA DEL CONGRESO | |
| Número de clasificación | F1219 |
| Número de documento/Ítem | .C53 |
| -- | 1780 |
| 100 1# - ENTRADA PRINCIPAL--NOMBRE DE PERSONA | |
| Nombre de persona | Clavigero, D. Francesco Saverio |
| 9 (RLIN) | 21549 |
| 245 10 - MENCIÓN DE TÍTULO | |
| Título | Storia antica del messico cavata da´ migliori storici spagnuolt da´ manoscritti e dalle pitture antiche degl indiant divisa in dieci libri e corredata di carte geografiche e di varie figure |
| Resto del título | e dissertazioni sulla terra fugli animali e fugli abitatori del messico |
| Mención de responsabilidad, etc. | D. Francesco Saverio Clavigero. |
| 260 ## - PUBLICACIÓN, DISTRIBUCIÓN, ETC. | |
| Lugar de publicación, distribución, etc. | Cesena |
| Nombre del editor, distribuidor, etc. | Gregorio Biasini All´ Insegna de Pallade |
| Fecha de publicación, distribución, etc. | 1780 |
| 300 ## - DESCRIPCIÓN FÍSICA | |
| Extensión | 2 vol. (con varias paginaciones) |
| Otras características físicas | il. |
| Dimensiones | 25 cm |
| 500 ## - NOTA GENERAL | |
| Nota general | Fondo antiguo |
| 500 ## - NOTA GENERAL | |
| Nota general | Se encuentra en Caja Fuerte |
| 500 ## - NOTA GENERAL | |
| Nota general | B-352 |
| 500 ## - NOTA GENERAL | |
| Nota general | Con Ex-libris de: Franz Mayer |
| 500 ## - NOTA GENERAL | |
| Nota general | Con dedicatoria: alla reale e pontificia universita´ degli studi di messico |
| 500 ## - NOTA GENERAL | |
| Nota general | Vol. 1: T.II, Vol. 2: T.II, T.III y V |
| 500 ## - NOTA GENERAL | |
| Nota general | Contiene prefacio |
| 500 ## - NOTA GENERAL | |
| Nota general | Uso de letras capiturales |
| 500 ## - NOTA GENERAL | |
| Nota general | Incluye índice del tomo I Libro I y tomo II Libro VI |
| 500 ## - NOTA GENERAL | |
| Nota general | Incluye erratas corregidas |
| 500 ## - NOTA GENERAL | |
| Nota general | Nota de encuadernación: piel sobre cartón, cantos en rojo |
| 506 0# - NOTA DE RESTRICCIONES AL ACCESO | |
| Limitaciones de acceso | Fondo reservado: para su consulta es necesario credencial de usuario y carta de motivos |
| 650 14 - PUNTO DE ACCESO ADICIONAL DE MATERIA--TÉRMINO DE MATERIA | |
| Término de materia o nombre geográfico como elemento de entrada | Historia |
| Término indicativo de función/relación | Conquista 1519-1540 |
| Subdivisión geográfica | México |
| 9 (RLIN) | 10416 |
| 902 ## - CATALOGADOR | |
| Iniciales | LAR |
| 942 ## - ELEMENTOS DE PUNTO DE ACCESO ADICIONAL (KOHA) | |
| Fuente del sistema de clasificación o colocación | Library of Congress Classification |
| Tipo de ítem Koha | Libros |
| Estado de retiro | Estado de pérdida | Estado dañado | No para préstamo | Localización permanente | Ubicación/localización actual | Fecha de adquisición | Número de inventario | Total de préstamos | Signatura topográfica completa | Código de barras | Fecha visto por última vez | Precio válido a partir de | Tipo de ítem Koha | Código de colección |
|---|---|---|---|---|---|---|---|---|---|---|---|---|---|---|
| El ejemplar forma parte de la colección y puede ser consultado según las políticas vigentes. | Biblioteca del Museo Franz Mayer (Rogerio Casas-Alatriste) | Biblioteca del Museo Franz Mayer (Rogerio Casas-Alatriste) | 22/09/2016 | B-352 | F1219 .C53 1780 (B-352) | LAR00133 | 22/03/2019 | 22/03/2019 | Libros | |||||
| El ejemplar forma parte de la colección y puede ser consultado según las políticas vigentes. | Biblioteca del Museo Franz Mayer (Rogerio Casas-Alatriste) | Biblioteca del Museo Franz Mayer (Rogerio Casas-Alatriste) | 22/12/2016 | B-352 | F1219 .C53 1780 (B-352) | LAR00134 | 22/03/2019 | 22/03/2019 | Libros | Libros Antiguos y Raros |